Impacts of the EU Carbon Border Adjustment Mechanism

Salvato in:
Dettagli Bibliografici
Autore principale: Flórez Mendoza, Javier
Altri autori: Reiter, Oliver, Stehrer, Robert
Natura: Libro
Lingua:inglese
Pubblicazione: Vienna The Vienna Institute for International Economic Studies 2024
Soggetti:
Tags: Aggiungi Tag
Nessun Tag, puoi essere il primo ad aggiungerne!!

MARC

LEADER 00000nlm a2200000 4500
001 0305240
005 20241121120354.8
041 0 |a eng 
044 |a AT 
245 1 0 |a Impacts of the EU Carbon Border Adjustment Mechanism  |c Javier Flórez Mendoza, Oliver Reiter and Robert Stehrer 
264 1 |a Vienna  |b The Vienna Institute for International Economic Studies  |c 2024 
300 |a 17 s. 
610 2 0 |a emisie 
610 2 0 |a ochrana prostredia životného 
610 2 0 |a politika ekologická 
610 2 0 |a politika environmentálna 
610 2 0 |a Európska únia 
100 1 |a Flórez Mendoza, Javier 
700 1 |a Reiter, Oliver 
700 1 |a Stehrer, Robert